LDR 01137naa#a2200193#i#450# 001 RU\\bibl\119411 005 20260501170601.5 011 ## _a2311-8873 100 ## _a20260410b2026####ek#y0rusy0150####ca 102 ## _aRU 200 1# _aМЕТОД РАСЧЕТА ШИРИНЫ ОБРАБОТКИ ДЛЯ ПЯТИКООРДИНАТНОГО ФРЕЗЕРОВАНИЯ СФЕРИЧЕСКОЙ ФРЕЗОЙ _eЖурнальная статья 210 1# _aВоронеж _cВоронежский государственный лесотехнический университет имени Г.Ф. Морозова _d2026 215 ## _a12 с. 608 ## _aЖурнальная статья _2local 675 ## _aМашины и установки. Основные элементы и вспомогательные устройства. Конструкция, компоновка и принципы работы в целом. 621.9.06 _z 700 #1 _aКолесов _gАндрей Васильевич 700 #1 _aКозлов _gАлександр Михайлович 700 #1 _aКозлов _gАндрей Александрович 856 4# _aanni.editorum.ru _u